Zhodnotenie viacdimenzionálneho pohľadu na konvergenciu v SR

Problematika reálnej konvergencie Slovenskej republike. Súčasťou týchto konvergenčných procesov je aj štruktúrna konvergencia, ktorá vychádza z teórie optimálnej menovej oblasti (OCA). Na základe viacdimenzionálneho pohľadu (24 vybraných indikátorov), analýza stavu a vývoja reálnej konvergencie v po...

Celý popis

Uložené v:
Podrobná bibliografia
Hlavný autor: Ivanová, Eva
Ďalší autori: Janský, Boris
Médium: Kapitola
Jazyk:Slovak
Predmet:
Tagy: Pridať tag
Žiadne tagy, Buďte prvý, kto otaguje tento záznam!

MARC

LEADER 00000naa a2200000 4500
001 0144422
005 20231207072435.8
041 0 |a slo 
044 |a SK 
245 1 0 |a Zhodnotenie viacdimenzionálneho pohľadu na konvergenciu v SR  |c Eva Ivanová, Boris Janský 
520 |a Problematika reálnej konvergencie Slovenskej republike. Súčasťou týchto konvergenčných procesov je aj štruktúrna konvergencia, ktorá vychádza z teórie optimálnej menovej oblasti (OCA). Na základe viacdimenzionálneho pohľadu (24 vybraných indikátorov), analýza stavu a vývoja reálnej konvergencie v podmienkach Slovenskej republiky. Vývoj výmenných relácií, ktorých priaznivý vývoj vo všeobecnosti možno považovať za jeden z najdôležitejších faktorov ovplyvňujúci životnú úroveň krajiny a zároveň poskytuje obraz kvality zapojenia krajiny do medzinárodnej deľby práce. Zhodnotenie viacdimenzionálneho pohľadu na konvergenciu v SR z hľadiska minulého obdobia, rokov 2000 – 2008. 
610 2 0 |a Slovensko 
610 2 0 |a Európska únia 
610 2 0 |a relácie výmenné 
610 2 0 |a konvergencia 
100 1 |a Ivanová, Eva 
700 1 |a Janský, Boris